Virginibus puerisque y otros escritos

Guardat en:
Dades bibliogràfiques
Autor principal: Stevenson, Robert Louis (Autor)
Format: Llibre
Idioma:espanyol
Publicat: Madrid Taurus 1979
Col·lecció:Persiles, 112
Matèries:
Etiquetes: Afegir etiqueta
Sense etiquetes, Sigues el primer a etiquetar aquest registre!

MARC

LEADER 00000nam a2200000 a 4500
001 UCO5112
003 CL-VaPUC
008 000825e19790000SP |||||||||||||||||spa|d
082 0 4 |a 824  |b STE  |2 21 
100 0 |a Stevenson, Robert Louis  |e author  |9 348874 
245 1 0 |a Virginibus puerisque y otros escritos 
300 |a 164 p 
942 |c BK 
945 |d 20000825 00:00:00  |a crobeson 
260 |a Madrid  |b Taurus  |c 1979 
650 0 |a Ensayos ingleses  |9 265096 
650 0 |a Literatura inglesa  |9 312907 
583 |a last modification  |c 20000825 00:00:00  |k Rodrigo Vera 
490 0 |a Persiles, 112 
999 |c 291065  |d 291063 
952 |0 0  |1 0  |4 0  |6 824_000000000000000_STE_1979  |7 0  |8 A  |9 340723  |a BIBART  |b BIBART  |d 2019-11-20  |i 1219138  |o 824 STE 1979  |p 1219138  |r 2025-03-13  |w 2019-11-20  |y BK  |k ART